[Event "Mittelfranken-ch"]
[Site "Wachendorf"]
[Date "2013.03.27"]
[Round "3.1"]
[White "Wittmann, Helmut"]
[Black "Saathoff, Richard"]
[Result "0-1"]
[WhiteElo "2096"]
[BlackElo "2152"]
[PlyCount "72"]
[EventDate "2013.03.26"]
[EventType "swiss"]
[EventRounds "9"]
[EventCountry "GER"]
[SourceTitle "EXT 2022"]
[Source "ChessBase"]
[SourceDate "2021.10.06"]
[SourceVersion "1"]
[SourceVersionDate "2021.10.06"]
[SourceQuality "1"]

1. d4 Nf6 2. c4 g6 3. Nc3 Bg7 4. Nf3 0-0 5. Bg5 d6 6. e3 c5 7. Be2 h6 8. Bh4 Bf5 9. 0-0 Ne4 10. Nxe4 Bxe4 11. dxc5 g5 12. Bg3 dxc5 13. Qb3 Qb6 14. Qxb6 axb6 15. Ne5 Nc6 16. Nd7 Rfd8 17. Rad1 Rxa2 18. Bc7 Rc8 19. Bxb6 Rxb2 20. Bh5 Bf5 21. Bxc5 Bxd7 22. Rxd7 Ne5 23. Rxe7 Rxc5 24. f4 gxf4 25. exf4 Ng6 26. Re8+ Kh7 27. f5 Bd4+ 28. Kh1 Rxf5 29. Bf3 Kg7 30. Rd8 Bf6 31. Rdd1 b6 32. Rfe1 Ne5 33. Be4 Rff2 34. Bd5 Rfe2 35. Rxe2 Rxe2 36. Kg1 Rc2 0-1

[Event "Mittelfranken-ch"]
[Site "Wachendorf"]
[Date "2013.03.26"]
[Round "1.8"]
[White "Hamper, Jannik"]
[Black "Wittmann, Helmut"]
[Result "0-1"]
[WhiteElo "1799"]
[BlackElo "2096"]
[PlyCount "80"]
[EventDate "2013.03.26"]
[EventType "swiss"]
[EventRounds "9"]
[EventCountry "GER"]
[SourceTitle "EXT 2022"]
[Source "ChessBase"]
[SourceDate "2021.10.06"]
[SourceVersion "1"]
[SourceVersionDate "2021.10.06"]
[SourceQuality "1"]

1. d4 Nf6 2. c4 e6 3. Nf3 Bb4+ 4. Bd2 Qe7 5. e3 Nc6 6. a3 Bxd2+ 7. Nbxd2 d6 8. Qc2 0-0 9. Bd3 e5 10. d5 Nb8 11. h3 a5 12. b3 c6 13. e4 Na6 14. 0-0 Nc5 15. b4 Nxd3 16. Qxd3 Nh5 17. bxa5 Nf4 18. Qe3 Rxa5 19. dxc6 bxc6 20. Nb3 Ra4 21. c5 Qf6 22. Rfe1 Bxh3 23. g3 Ng2 24. Qd3 Nxe1 25. Nxe1 Rd8 26. cxd6 Qxd6 27. Nc5 Rd4 28. Qc3 Rd2 29. a4 Qf6 30. Qe3 Rd1 31. Ra3 Qe7 32. a5 Rxe1+ 33. Qxe1 Qxc5 34. Qa1 Rd2 35. Re3 Qd6 36. Qc3 Rd1+ 37. Kh2 Qh6 38. Re1 Bf1+ 39. Kg1 Qh3 40. Rxf1 Rxf1# 0-1

[Event "Mittelfranken-ch"]
[Site "Wachendorf"]
[Date "2013.03.26"]
[Round "2.3"]
[White "Wittmann, Helmut"]
[Black "Kuhmann, Peter"]
[Result "1-0"]
[WhiteElo "2096"]
[BlackElo "1903"]
[PlyCount "57"]
[EventDate "2013.03.26"]
[EventType "swiss"]
[EventRounds "9"]
[EventCountry "GER"]
[SourceTitle "EXT 2022"]
[Source "ChessBase"]
[SourceDate "2021.10.06"]
[SourceVersion "1"]
[SourceVersionDate "2021.10.06"]
[SourceQuality "1"]

1. d4 Nf6 2. Nf3 e6 3. c4 c5 4. d5 b5 5. Bg5 Qa5+ 6. Nbd2 Be7 7. e4 Nxe4 8. b4 Qxb4 9. Rb1 Qc3 10. Rb3 Qa5 11. Rxb5 Qc3 12. Rb3 Qa5 13. Bxe7 Kxe7 14. Rb5 Qc3 15. Rb3 Qa5 16. Rb5 Qc3 17. Be2 Nxd2 18. Nxd2 d6 19. dxe6 Bxe6 20. Rb3 Qa5 21. Bf3 Nd7 22. Bxa8 Rxa8 23. 0-0 Nb6 24. Re1 Rd8 25. Qc1 Kf8 26. Ree3 Qa6 27. Ra3 Qb7 28. Qb1 Qc7 29. Qxh7 1-0

[Event "Forchheim op-A 11th"]
[Site "Forchheim"]
[Date "2012.09.30"]
[Round "4"]
[White "Wittmann, Helmut"]
[Black "Mons, Leon"]
[Result "1/2-1/2"]
[WhiteElo "2091"]
[BlackElo "2338"]
[PlyCount "117"]
[EventDate "2012.09.28"]
[EventType "swiss"]
[EventRounds "5"]
[EventCountry "GER"]
[SourceTitle "EXT 2019"]
[Source "ChessBase"]
[SourceDate "2018.10.10"]
[SourceVersion "1"]
[SourceVersionDate "2018.10.10"]
[SourceQuality "1"]

1. d4 g6 2. c4 Bg7 3. Nc3 Nf6 4. e4 0-0 5. Be2 d6 6. Be3 c5 7. dxc5 Qa5 8. cxd6 Nxe4 9. dxe7 Re8 10. Bd4 Nxc3 11. bxc3 Bxd4 12. Qxd4 Nc6 13. Qd2 Rxe7 14. Nf3 Bg4 15. 0-0 Rd8 16. Qf4 Bf5 17. Rfe1 Qxc3 18. Bf1 Rxe1 19. Rxe1 Nd4 20. Rd1 Ne6 21. Rxd8+ Nxd8 22. Qb8 Qa5 23. Nd4 Kg7 24. Nxf5+ gxf5 25. Qg3+ Kh8 26. h4 Ne6 27. h5 f4 28. Qf3 Kg7 29. Qxb7 h6 30. Qb2+ Kg8 31. Qb5 Qd8 32. c5 Qd5 33. c6 Qd6 34. Bd3 Nd4 35. c7 Qxc7 36. Qe8+ Kg7 37. Qe4 Qd6 38. Qh7+ Kf8 39. Bc4 Qf6 40. Bxf7 Qg7 41. Qxg7+ Kxg7 42. Bc4 Kf6 43. Kf1 Kg5 44. Bf7 Nf5 45. Ke2 Nh4 46. g3 fxg3 47. fxg3 Nf5 48. Kf3 Nd4+ 49. Ke4 Nf5 50. Kf3 Nd4+ 51. Ke3 Nf5+ 52. Kf2 Ng7 53. Kf3 Nxh5 54. Be6 a5 55. a3 Ng7 56. Bd7 Nh5 57. Be6 Ng7 58. Bd7 Nh5 59. Be6 1/2-1/2

[Event "Forchheim op-A 11th"]
[Site "Forchheim"]
[Date "2012.09.29"]
[Round "3"]
[White "Kempe, Frank"]
[Black "Wittmann, Helmut"]
[Result "1/2-1/2"]
[WhiteElo "2027"]
[BlackElo "2091"]
[PlyCount "91"]
[EventDate "2012.09.28"]
[EventType "swiss"]
[EventRounds "5"]
[EventCountry "GER"]
[SourceTitle "EXT 2019"]
[Source "ChessBase"]
[SourceDate "2018.10.10"]
[SourceVersion "1"]
[SourceVersionDate "2018.10.10"]
[SourceQuality "1"]

1. d4 Nf6 2. Nf3 e6 3. e3 c5 4. Bd3 b6 5. Nbd2 Be7 6. 0-0 0-0 7. c3 Ba6 8. Bxa6 Nxa6 9. Qe2 Qc8 10. a3 cxd4 11. exd4 Qb7 12. Re1 Nc7 13. Nf1 b5 14. Ne5 Ncd5 15. g4 d6 16. Nd3 a5 17. g5 Nd7 18. h4 Rfe8 19. Qf3 Rab8 20. Ne3 Nxe3 21. Qxe3 Qd5 22. Nf4 Qf5 23. Ng2 Nb6 24. Qg3 a4 25. Bf4 Qd5 26. Re2 Nc4 27. Rae1 Qc6 28. Bc1 d5 29. Qg4 Rbd8 30. Nf4 Bf8 31. h5 g6 32. hxg6 hxg6 33. f3 Bg7 34. Nd3 Nd6 35. Bf4 Nf5 36. Be5 Qc4 37. Bxg7 Kxg7 38. Ne5 Qc7 39. Qf4 Qd6 40. Rh2 Rh8 41. Ree2 Qb8 42. Rh6 Rxh6 43. gxh6+ Nxh6 44. Qg5 Rg8 45. Nd7 Qd6 46. Nf6 1/2-1/2

[Event "Seebach op 23rd"]
[Site "Grossenseebach"]
[Date "2012.06.10"]
[Round "7"]
[White "Kramer, Dietrich"]
[Black "Wittmann, Helmut"]
[Result "0-1"]
[WhiteElo "1877"]
[BlackElo "2047"]
[PlyCount "46"]
[EventDate "2012.06.07"]
[EventType "swiss"]
[EventRounds "7"]
[EventCountry "GER"]
[SourceTitle "EXT 2013"]
[Source "ChessBase"]
[SourceDate "2012.11.22"]
[SourceVersion "1"]
[SourceVersionDate "2012.11.22"]
[SourceQuality "1"]

1. e4 g6 2. d4 Bg7 3. Nf3 d6 4. Nc3 Bg4 5. h3 Bxf3 6. gxf3 Nf6 7. Be3 a6 8. Qd2 Nc6 9. Be2 e5 10. dxe5 dxe5 11. 0-0-0 0-0 12. f4 Qe7 13. fxe5 Nxe5 14. Bg5 Qb4 15. Qf4 Nh5 16. Bxh5 Nc4 17. Rd3 Qxb2+ 18. Kd1 Bxc3 19. Rxc3 Qxc3 20. Bf6 Rfd8+ 21. Ke2 Qxc2+ 22. Kf1 Nd2+ 23. Kg1 Nxe4 0-1

[Event "Seebach op 23rd"]
[Site "Grossenseebach"]
[Date "2012.06.09"]
[Round "6"]
[White "Wittmann, Helmut"]
[Black "Hirn, Oskar"]
[Result "0-1"]
[WhiteElo "2047"]
[BlackElo "2166"]
[PlyCount "82"]
[EventDate "2012.06.07"]
[EventType "swiss"]
[EventRounds "7"]
[EventCountry "GER"]
[SourceTitle "EXT 2013"]
[Source "ChessBase"]
[SourceDate "2012.11.22"]
[SourceVersion "1"]
[SourceVersionDate "2012.11.22"]
[SourceQuality "1"]

1. d4 Nf6 2. Nf3 e6 3. c4 d5 4. Bg5 Be7 5. Qc2 Nbd7 6. e3 0-0 7. cxd5 exd5 8. Bd3 h6 9. Bf4 c5 10. 0-0 a6 11. Nc3 c4 12. Be2 b5 13. e4 dxe4 14. Nxe4 Bb7 15. Ng3 Nd5 16. Bd2 Re8 17. Rfe1 Nb4 18. Qf5 Nf6 19. Ne5 Qc8 20. Qb1 Bf8 21. Nh5 Ne4 22. Qc1 Nxd2 23. Qxd2 Nd5 24. Bg4 Qc7 25. a3 c3 26. bxc3 Qxc3 27. Qd1 g6 28. Rc1 Qxa3 29. Nxg6 fxg6 30. Be6+ Kh8 31. Qg4 Rxe6 32. Qxe6 gxh5 33. Rc2 Qd6 34. Qf7 Rb8 35. Re6 Qf4 36. Qxh5 Qg5 37. Qe2 Nf4 38. Qe5+ Qxe5 39. Rxe5 Nxg2 40. Rf5 Nh4 41. Rf6 b4 0-1

[Event "Seebach op 23rd"]
[Site "Grossenseebach"]
[Date "2012.06.09"]
[Round "5"]
[White "Wittmann, Helmut"]
[Black "Keil, Roland"]
[Result "1-0"]
[WhiteElo "2047"]
[BlackElo "1950"]
[PlyCount "83"]
[EventDate "2012.06.07"]
[EventType "swiss"]
[EventRounds "7"]
[EventCountry "GER"]
[SourceTitle "EXT 2013"]
[Source "ChessBase"]
[SourceDate "2012.11.22"]
[SourceVersion "1"]
[SourceVersionDate "2012.11.22"]
[SourceQuality "1"]

1. d4 d5 2. c4 e6 3. Nc3 Nf6 4. Bg5 Be7 5. Nf3 0-0 6. Qc2 b6 7. e3 Bb7 8. Bxf6 Bxf6 9. cxd5 exd5 10. Bd3 g6 11. 0-0 Nd7 12. b4 c5 13. bxc5 bxc5 14. Rab1 cxd4 15. Nxd4 Nc5 16. Be2 Rc8 17. Bg4 Rb8 18. Rb5 Be7 19. Rfb1 Qd6 20. Na4 Nxa4 21. Rxb7 Nc5 22. Nb5 Qe5 23. Rxb8 Rxb8 24. Nxa7 Rxb1+ 25. Qxb1 Bd6 26. g3 h5 27. Bf3 h4 28. Nc6 Qg5 29. Qd1 hxg3 30. hxg3 Bxg3 31. fxg3 Qxg3+ 32. Kf1 Nd3 33. Qe2 Qh3+ 34. Bg2 Qf5+ 35. Kg1 Kf8 36. Nd4 Nc1 37. Qb2 Qc8 38. Ne6+ Ke7 39. Nf4 Qc5 40. Nxd5+ Kd7 41. Qf6 Nxa2 42. Bh3+ 1-0

[Event "Seebach op 23rd"]
[Site "Grossenseebach"]
[Date "2012.06.08"]
[Round "4"]
[White "Heppert, Lars"]
[Black "Wittmann, Helmut"]
[Result "0-1"]
[WhiteElo "1838"]
[BlackElo "2047"]
[PlyCount "71"]
[EventDate "2012.06.07"]
[EventType "swiss"]
[EventRounds "7"]
[EventCountry "GER"]
[SourceTitle "EXT 2013"]
[Source "ChessBase"]
[SourceDate "2012.11.22"]
[SourceVersion "1"]
[SourceVersionDate "2012.11.22"]
[SourceQuality "1"]

1. c4 e5 2. g3 Nc6 3. Bg2 Bc5 4. e3 h5 5. h4 d6 6. Ne2 Bg4 7. 0-0 Nge7 8. a3 a5 9. Nbc3 Qd7 10. Nd5 Nxd5 11. cxd5 Ne7 12. Re1 0-0 13. Kh2 Qf5 14. d4 Qxf2 15. Rf1 Qxe2 16. Qxe2 Bxe2 17. Rf2 exd4 18. exd4 Bxd4 19. Rxe2 Rfe8 20. Bg5 Nf5 21. Rae1 Rxe2 22. Rxe2 Be5 23. Bf4 Bxf4 24. gxf4 Nxh4 25. Bh3 Ng6 26. Kg3 Ra6 27. Bc8 Rb6 28. Bf5 Rb3+ 29. Kf2 Nf8 30. Bc2 Rb5 31. Rd2 Nh7 32. Bxh7+ Kxh7 33. Kg3 Kh6 34. Rc2 Rc5 35. Rd2 Rc4 36. b3 0-1

[Event "Seebach op 23rd"]
[Site "Grossenseebach"]
[Date "2012.06.08"]
[Round "3"]
[White "Wittmann, Helmut"]
[Black "Jahnke, Manfred"]
[Result "1-0"]
[WhiteElo "2047"]
[BlackElo "1605"]
[PlyCount "39"]
[EventDate "2012.06.07"]
[EventType "swiss"]
[EventRounds "7"]
[EventCountry "GER"]
[SourceTitle "EXT 2013"]
[Source "ChessBase"]
[SourceDate "2012.11.22"]
[SourceVersion "1"]
[SourceVersionDate "2012.11.22"]
[SourceQuality "1"]

1. d4 Nf6 2. Nf3 g6 3. Bg5 Bg7 4. Nbd2 d5 5. e3 Bg4 6. h3 Bxf3 7. Nxf3 Nbd7 8. Bd3 0-0 9. 0-0 c5 10. c3 c4 11. Bc2 b5 12. Ne5 Nb6 13. f4 Qd6 14. f5 Nfd7 15. Ng4 f6 16. Nh6+ Kh8 17. fxg6 hxg6 18. Bf4 e5 19. Bxg6 Qe7 20. Nf5 1-0

[Event "Seebach op 23rd"]
[Site "Grossenseebach"]
[Date "2012.06.07"]
[Round "2"]
[White "Dobosz, Henryk"]
[Black "Wittmann, Helmut"]
[Result "1-0"]
[WhiteElo "2369"]
[BlackElo "2047"]
[PlyCount "69"]
[EventDate "2012.06.07"]
[EventType "swiss"]
[EventRounds "7"]
[EventCountry "GER"]
[SourceTitle "EXT 2013"]
[Source "ChessBase"]
[SourceDate "2012.11.22"]
[SourceVersion "1"]
[SourceVersionDate "2012.11.22"]
[SourceQuality "1"]

1. e4 g6 2. d4 Bg7 3. c4 c5 4. d5 b5 5. cxb5 a6 6. Nc3 Qa5 7. Bd2 Qb4 8. Qc2 axb5 9. Bxb5 Nf6 10. Nge2 0-0 11. 0-0 e6 12. a4 Qa5 13. f3 Qb6 14. Be3 Na6 15. Nf4 Nb4 16. Qf2 d6 17. dxe6 fxe6 18. Bc4 Kh8 19. e5 dxe5 20. Bxc5 Qc7 21. Nb5 Qc6 22. Rfc1 Ng4 23. Nxg6+ hxg6 24. Qh4+ Kg8 25. Bxb4 Qb6+ 26. Kf1 Ne3+ 27. Ke2 Nxg2 28. Qf2 Nf4+ 29. Kf1 Qxf2+ 30. Kxf2 Rf5 31. Nd6 Rh5 32. Nxc8 Rxh2+ 33. Kg1 Rg2+ 34. Kf1 Rxc8 35. Bxe6+ 1-0

[Event "Seebach op 23rd"]
[Site "Grossenseebach"]
[Date "2012.06.07"]
[Round "1"]
[White "Wittmann, Helmut"]
[Black "Fett, Helmut"]
[Result "1-0"]
[WhiteElo "2047"]
[BlackElo "1769"]
[PlyCount "55"]
[EventDate "2012.06.07"]
[EventType "swiss"]
[EventRounds "7"]
[EventCountry "GER"]
[SourceTitle "EXT 2013"]
[Source "ChessBase"]
[SourceDate "2012.11.22"]
[SourceVersion "1"]
[SourceVersionDate "2012.11.22"]
[SourceQuality "1"]

1. g3 c6 2. Bg2 d5 3. d3 Nf6 4. e4 dxe4 5. dxe4 Qxd1+ 6. Kxd1 e5 7. Nd2 Bg4+ 8. f3 Be6 9. Bh3 Bxh3 10. Nxh3 Na6 11. Nc4 Nd7 12. Be3 b6 13. Ke2 f6 14. a4 Bc5 15. Rhd1 Ke7 16. c3 Bxe3 17. Kxe3 Ndc5 18. b4 Nb7 19. f4 exf4+ 20. Nxf4 Nc7 21. a5 b5 22. a6 Nc5 23. Na5 g5 24. Nxc6+ Kf7 25. bxc5 gxf4+ 26. gxf4 Ne6 27. Rd7+ Ke8 28. Re7+ 1-0

[Event "Mittelfranken-ch HT 61st"]
[Site "Weissenburg"]
[Date "2012.04.05"]
[Round "7"]
[White "Wittmann, Helmut"]
[Black "Merz, Andreas"]
[Result "1-0"]
[WhiteElo "2023"]
[BlackElo "1808"]
[PlyCount "81"]
[EventDate "2012.04.02"]
[EventType "swiss"]
[EventRounds "7"]
[EventCountry "GER"]
[SourceTitle "EXT 2015"]
[Source "ChessBase"]
[SourceDate "2014.11.20"]
[SourceVersion "1"]
[SourceVersionDate "2014.11.20"]
[SourceQuality "1"]

1. d4 d5 2. c4 e6 3. Nc3 Nf6 4. Bg5 Be7 5. Nf3 0-0 6. Qc2 Nbd7 7. e3 c6 8. a3 dxc4 9. Bxc4 Nd5 10. Bxe7 Qxe7 11. 0-0 Nxc3 12. Qxc3 c5 13. dxc5 Nxc5 14. b4 Ne4 15. Qe5 Nf6 16. Nd4 Nd7 17. Qc7 Qd8 18. Qg3 Qf6 19. Be2 a5 20. Qc7 e5 21. Nb5 Nb6 22. bxa5 Nd5 23. Qc5 Rd8 24. Nc7 Nxc7 25. Qxc7 Bf5 26. Qxb7 Rxa5 27. Rfd1 Raa8 28. Rxd8+ Rxd8 29. a4 Qg6 30. Qc7 Qd6 31. Qxd6 Rxd6 32. a5 Rd7 33. a6 Ra7 34. Ra5 f6 35. f4 Kf7 36. Bc4+ Ke7 37. fxe5 fxe5 38. Rxe5+ Kf6 39. Rb5 Bc8 40. Rb8 Bxa6 41. Rb6+ 1-0

[Event "Mittelfranken-ch HT 61st"]
[Site "Weissenburg"]
[Date "2012.04.04"]
[Round "6"]
[White "Link, Andreas"]
[Black "Wittmann, Helmut"]
[Result "1/2-1/2"]
[WhiteElo "1970"]
[BlackElo "2023"]
[PlyCount "97"]
[EventDate "2012.04.02"]
[EventType "swiss"]
[EventRounds "7"]
[EventCountry "GER"]
[SourceTitle "EXT 2015"]
[Source "ChessBase"]
[SourceDate "2014.11.20"]
[SourceVersion "1"]
[SourceVersionDate "2014.11.20"]
[SourceQuality "1"]

1. c4 e5 2. Nc3 Bb4 3. d3 Nf6 4. Nf3 Nc6 5. g3 0-0 6. Bg2 e4 7. Ng5 d5 8. 0-0 Bxc3 9. bxc3 dxc4 10. Nxe4 Nxe4 11. dxe4 Qf6 12. Qc2 Bd7 13. Bf4 Ne5 14. Rad1 Bc6 15. Rd4 b5 16. Qd2 Qe7 17. Rd1 f6 18. Bh3 a5 19. Be3 Rfe8 20. f4 Nf7 21. Bg2 Nd8 22. f5 Nf7 23. Bf4 Ne5 24. h3 Qc5 25. Kh2 Rab8 26. Qc2 b4 27. cxb4 Rxb4 28. Rd8 Rb8 29. Rxe8+ Rxe8 30. Qc3 Qb4 31. Rc1 Bb5 32. Bd2 Ra8 33. Qd4 Qd6 34. Qd5+ Qxd5 35. exd5 Ra7 36. Rb1 Bd7 37. Be4 g6 38. fxg6 hxg6 39. Bc3 Kg7 40. Bd4 Ra8 41. Rb7 Rc8 42. Ra7 Nf7 43. Rxa5 Re8 44. Bf3 Ng5 45. Ra7 Nxf3+ 46. exf3 Re2+ 47. Kg1 Bxh3 48. Rxc7+ Kf8 49. Bxf6 1/2-1/2

[Event "Mittelfranken-ch HT 61st"]
[Site "Weissenburg"]
[Date "2012.04.04"]
[Round "5"]
[White "Wittmann, Helmut"]
[Black "Hein, Manfred"]
[Result "1/2-1/2"]
[WhiteElo "2023"]
[BlackElo "1958"]
[PlyCount "63"]
[EventDate "2012.04.02"]
[EventType "swiss"]
[EventRounds "7"]
[EventCountry "GER"]
[SourceTitle "EXT 2015"]
[Source "ChessBase"]
[SourceDate "2014.11.20"]
[SourceVersion "1"]
[SourceVersionDate "2014.11.20"]
[SourceQuality "1"]

1. d4 d5 2. c4 e6 3. Nc3 Nf6 4. Bg5 Be7 5. Nf3 h6 6. Bxf6 Bxf6 7. Qc2 dxc4 8. e3 0-0 9. Bxc4 c6 10. 0-0 Nd7 11. Rfd1 b5 12. Be2 Bb7 13. a4 a6 14. Ne4 Be7 15. Ne5 Nxe5 16. dxe5 Qc7 17. Nd6 Bxd6 18. exd6 Qd7 19. Qc5 Rab8 20. Bf3 Ba8 21. axb5 Rxb5 22. Qc3 Bb7 23. Be2 Rd5 24. Qb3 Bc8 25. Rxd5 exd5 26. Qb4 Rd8 27. Bxa6 Bxa6 28. Rxa6 Qxd6 29. Qc3 d4 30. exd4 Qxd4 31. Qxd4 Rxd4 32. Kf1 1/2-1/2

[Event "Mittelfranken-ch HT 61st"]
[Site "Weissenburg"]
[Date "2012.04.03"]
[Round "4"]
[White "Koch, Walter1"]
[Black "Wittmann, Helmut"]
[Result "0-1"]
[WhiteElo "1837"]
[BlackElo "2023"]
[PlyCount "48"]
[EventDate "2012.04.02"]
[EventType "swiss"]
[EventRounds "7"]
[EventCountry "GER"]
[SourceTitle "EXT 2015"]
[Source "ChessBase"]
[SourceDate "2014.11.20"]
[SourceVersion "1"]
[SourceVersionDate "2014.11.20"]
[SourceQuality "1"]

1. e4 g6 2. d4 Bg7 3. Nf3 d6 4. Bd3 Bg4 5. c3 Nc6 6. Be3 e5 7. Bb5 exd4 8. cxd4 a6 9. Bxc6+ bxc6 10. h3 Bxf3 11. Qxf3 c5 12. e5 cxd4 13. Qc6+ Kf8 14. Bxd4 Qe8 15. Qxe8+ Rxe8 16. 0-0 Bxe5 17. Bxe5 Rxe5 18. Nd2 Nf6 19. Rac1 Re2 20. Nb3 c5 21. Rfd1 Ke7 22. Na5 Rc8 23. Kf1 Rxb2 24. Rxd6 Rxf2+ 0-1

[Event "Mittelfranken-ch HT 61st"]
[Site "Weissenburg"]
[Date "2012.04.03"]
[Round "3"]
[White "Wittmann, Helmut"]
[Black "Beck, Karl"]
[Result "1/2-1/2"]
[WhiteElo "2023"]
[BlackElo "2009"]
[PlyCount "88"]
[EventDate "2012.04.02"]
[EventType "swiss"]
[EventRounds "7"]
[EventCountry "GER"]
[SourceTitle "EXT 2015"]
[Source "ChessBase"]
[SourceDate "2014.11.20"]
[SourceVersion "1"]
[SourceVersionDate "2014.11.20"]
[SourceQuality "1"]

1. d4 d5 2. c4 c6 3. Nc3 e6 4. Nf3 Be7 5. e4 dxe4 6. Nxe4 Nf6 7. Nxf6+ Bxf6 8. Be2 0-0 9. 0-0 Nd7 10. Bf4 c5 11. dxc5 Bxb2 12. Rb1 Ba3 13. Bd6 Re8 14. c6 Bxd6 15. Qxd6 bxc6 16. Rfd1 Qe7 17. Qxe7 Rxe7 18. Ne5 Kf8 19. Nxc6 Re8 20. Bf3 a5 21. Rb5 a4 22. Ne5 Ra7 23. Bc6 Ke7 24. Bxd7 Bxd7 25. Rxd7+ Rxd7 26. Nxd7 Rd8 27. Kf1 Rxd7 28. Ra5 Kd6 29. Ke2 Kc6 30. a3 f6 31. Ra6+ Kc5 32. Rxe6 Kxc4 33. Rb6 Ra7 34. Kd2 Rd7+ 35. Kc2 Ra7 36. Rb4+ Kd5 37. Kc3 Rc7+ 38. Kd3 Ra7 39. Rb8 f5 40. Rb5+ Ke6 41. h4 Rd7+ 42. Ke3 Rc7 43. Kd3 Rd7+ 44. Ke3 Rc7 1/2-1/2

[Event "Mittelfranken-ch HT 61st"]
[Site "Weissenburg"]
[Date "2012.04.02"]
[Round "2"]
[White "Babichev, Vyacheslav"]
[Black "Wittmann, Helmut"]
[Result "0-1"]
[WhiteElo "1708"]
[BlackElo "2023"]
[PlyCount "72"]
[EventDate "2012.04.02"]
[EventType "swiss"]
[EventRounds "7"]
[EventCountry "GER"]
[SourceTitle "EXT 2015"]
[Source "ChessBase"]
[SourceDate "2014.11.20"]
[SourceVersion "1"]
[SourceVersionDate "2014.11.20"]
[SourceQuality "1"]

1. b3 e5 2. Bb2 Nc6 3. e3 Nf6 4. Bb5 d6 5. c4 a6 6. Ba4 g6 7. Nf3 Bg7 8. h3 0-0 9. d3 Nb4 10. a3 Nxd3+ 11. Qxd3 e4 12. Qe2 exf3 13. Qxf3 Bf5 14. Qe2 Ne4 15. Bxg7 Kxg7 16. Qb2+ Kg8 17. Nd2 Nc5 18. 0-0 Rb8 19. e4 Bc8 20. Qc2 b5 21. cxb5 axb5 22. Bxb5 Rxb5 23. Qc4 Rb8 24. Rfb1 Bxh3 25. Qc3 Qg5 26. Qxh3 Qxd2 27. Rd1 Qc2 28. f3 Rxb3 29. Qh6 Rb2 30. Qh3 Nb3 31. a4 Nxa1 32. Rxa1 Qf2+ 33. Kh2 Rfb8 34. a5 R8b5 35. Qc8+ Kg7 36. Kh3 Qxg2+ 0-1

[Event "Mittelfranken-ch HT 61st"]
[Site "Weissenburg"]
[Date "2012.04.02"]
[Round "1"]
[White "Wittmann, Helmut"]
[Black "Hertlein, Stefan"]
[Result "1/2-1/2"]
[WhiteElo "2023"]
[BlackElo "1686"]
[PlyCount "116"]
[EventDate "2012.04.02"]
[EventType "swiss"]
[EventRounds "7"]
[EventCountry "GER"]
[SourceTitle "EXT 2015"]
[Source "ChessBase"]
[SourceDate "2014.11.20"]
[SourceVersion "1"]
[SourceVersionDate "2014.11.20"]
[SourceQuality "1"]

1. d4 d5 2. c4 c6 3. Nf3 e6 4. Nc3 Nf6 5. e3 Be7 6. b3 0-0 7. Bd3 Nbd7 8. 0-0 b6 9. Bb2 Bb7 10. Ne5 c5 11. f4 cxd4 12. exd4 Rc8 13. Qe2 dxc4 14. bxc4 Nxe5 15. fxe5 Qxd4+ 16. Kh1 Qh4 17. Qe1 Ng4 18. Qxh4 Bxh4 19. Nd1 Bg5 20. Be2 Ne3 21. Nxe3 Bxe3 22. Rfd1 Rfd8 23. Ba3 Bd4 24. Be7 Rd7 25. Rab1 Rxe7 26. Rxd4 Bc6 27. Rb3 Rd7 28. Rd6 Rxd6 29. exd6 Rd8 30. Kg1 Rxd6 31. c5 Rd8 32. cxb6 axb6 33. Rxb6 Bd5 34. a4 Kf8 35. Kf2 Ke7 36. Bf3 Bxf3 37. Kxf3 Rd3+ 38. Ke4 Ra3 39. Rb7+ Kf6 40. Rb4 Ra2 41. Kf3 g5 42. h4 h5 43. hxg5+ Kxg5 44. Rb5+ f5 45. a5 Ra3+ 46. Kf2 Kg4 47. Re5 Ra2+ 48. Kg1 Kg3 49. Re3+ Kf4 50. Rxe6 Rxa5 51. Rh6 Kg5 52. Rh8 Kh4 53. Rf8 Kg3 54. Rg8+ Kf4 55. g3+ Kf3 56. Rg5 Ra1+ 57. Kh2 Ra2+ 58. Kh3 f4 1/2-1/2

[Event "Forchheim op 10th"]
[Site "Forchheim"]
[Date "2011.10.09"]
[Round "4"]
[White "Schmitz, Tim"]
[Black "Wittmann, Helmut"]
[Result "1/2-1/2"]
[WhiteElo "1947"]
[BlackElo "2088"]
[PlyCount "78"]
[EventDate "2011.10.07"]
[EventType "swiss"]
[EventRounds "5"]
[EventCountry "GER"]
[SourceTitle "CBM 144 Extra"]
[Source "ChessBase"]
[SourceDate "2011.10.28"]
[SourceVersion "1"]
[SourceVersionDate "2011.10.28"]
[SourceQuality "1"]

1. e4 g6 2. d4 Bg7 3. Nc3 d6 4. Be3 c6 5. Qd2 b5 6. Bd3 Nd7 7. Nf3 Qc7 8. 0-0 Ngf6 9. Bh6 0-0 10. Rfe1 e5 11. h3 Re8 12. Bxg7 Kxg7 13. a4 exd4 14. Nxd4 b4 15. Na2 a5 16. Qf4 Nc5 17. Rad1 Nxa4 18. b3 Nc5 19. Nc1 a4 20. bxa4 Rxa4 21. Ncb3 Nxb3 22. Nxb3 c5 23. Bb5 Ra2 24. Bxe8 Nxe8 25. Rd2 c4 26. Nd4 c3 27. Rdd1 Bd7 28. Ra1 Qa7 29. Rxa2 Qxa2 30. e5 Qd5 31. exd6 Ba4 32. Qe5+ Qxe5 33. Rxe5 Nxd6 34. Ra5 Bxc2 35. Nxc2 b3 36. Ra3 b2 37. Rb3 Nc4 38. Rb7 Nd2 39. Na3 Nc4 1/2-1/2

[Event "Forchheim op 10th"]
[Site "Forchheim"]
[Date "2011.10.09"]
[Round "5"]
[White "Wittmann, Helmut"]
[Black "Wissel, Daniel"]
[Result "1/2-1/2"]
[WhiteElo "2088"]
[BlackElo "1885"]
[PlyCount "56"]
[EventDate "2011.10.07"]
[EventType "swiss"]
[EventRounds "5"]
[EventCountry "GER"]
[SourceTitle "CBM 144 Extra"]
[Source "ChessBase"]
[SourceDate "2011.10.28"]
[SourceVersion "1"]
[SourceVersionDate "2011.10.28"]
[SourceQuality "1"]

1. d4 Nf6 2. Nf3 e6 3. c4 b6 4. g3 Bb7 5. Bg2 d5 6. 0-0 Bd6 7. Qa4+ Qd7 8. Qc2 Nc6 9. Nc3 0-0 10. Bg5 Nb4 11. Qb3 dxc4 12. Qxc4 Nfd5 13. Ne5 Qc8 14. Nxd5 exd5 15. Qb3 f6 16. Bd2 fxe5 17. dxe5 Bxe5 18. Bxb4 Rd8 19. f4 Bd4+ 20. e3 Bf6 21. Rad1 c6 22. e4 c5 23. e5 cxb4 24. Rxd5 Kh8 25. Rxd8+ Bxd8 26. Qf7 Qc5+ 27. Rf2 Qc1+ 28. Rf1 Qc5+ 1/2-1/2

[Event "Forchheim op 10th"]
[Site "Forchheim"]
[Date "2011.10.08"]
[Round "2"]
[White "Luch, Michal"]
[Black "Wittmann, Helmut"]
[Result "1-0"]
[WhiteElo "2433"]
[BlackElo "2088"]
[PlyCount "61"]
[EventDate "2011.10.07"]
[EventType "swiss"]
[EventRounds "5"]
[EventCountry "GER"]
[SourceTitle "CBM 144 Extra"]
[Source "ChessBase"]
[SourceDate "2011.10.28"]
[SourceVersion "1"]
[SourceVersionDate "2011.10.28"]
[SourceQuality "1"]

1. d4 Nf6 2. c4 e6 3. Nc3 Bb4 4. Qc2 d5 5. a3 Bxc3+ 6. Qxc3 c5 7. dxc5 d4 8. Qc2 Nc6 9. b4 e5 10. e4 dxe3 11. Bxe3 Ng4 12. Rd1 Qh4 13. Qc3 0-0 14. Nf3 Qh5 15. Be2 f5 16. b5 f4 17. Bc1 e4 18. bxc6 exf3 19. Qxf3 Qxc5 20. cxb7 Bxb7 21. Qxg4 Rf6 22. Rd7 Rg6 23. Qxf4 Bxg2 24. Rg1 Rf8 25. Qd4 Qa5+ 26. Bd2 Qf5 27. Bc3 Qb1+ 28. Kd2 Qa2+ 29. Bb2 Rb8 30. Rxg7+ Kf8 31. Qc5+ 1-0